LEADER 00933nam0-22003371i-450- 001 990007974330403321 005 20080317092110.0 010 $a88-430-1233-9 035 $a000797433 035 $aFED01000797433 035 $a(Aleph)000797433FED01 035 $a000797433 100 $a20041215d2001----km-y0itay50------ba 101 0 $aita 102 $aIT 105 $aa-------001yy 200 1 $a<>colloquio di orientamento$fMaria Luisa Pombeni 205 $a4. rist. 210 $aRoma$cCarocci$d2001 215 $a195 p.$cill.$d23 cm 225 1 $aUniversità$iPsicologia$v97 610 0 $aOrientamento scolastico e professionale 676 $a371.425 700 1$aPombeni,$bMaria Luisa$0143647 801 0$aIT$bUNINA$gRICA$2UNIMARC 901 $aBK 912 $a990007974330403321 952 $aP.1 PESC 101$bBibl.45640$fFLFBC 959 $aFLFBC 996 $aColloquio di orientamento$9564137 997 $aUNINA LEADER 03081nam 2200637Ia 450 001 9910781811403321 005 20230721032355.0 010 $a1-281-30762-9 010 $a1-282-78837-X 010 $a9786611307622 010 $a92-4-068553-7 010 $a92-4-068555-3 010 $a92-4-068261-9 035 $a(CKB)1000000000488379 035 $a(EBL)329000 035 $a(OCoLC)476127735 035 $a(SSID)ssj0000673338 035 $a(PQKBManifestationID)11360218 035 $a(PQKBTitleCode)TC0000673338 035 $a(PQKBWorkID)10644878 035 $a(PQKB)11499155 035 $a(MiAaPQ)EBC329000 035 $a(Au-PeEL)EBL329000 035 $a(CaPaEBR)ebr10214518 035 $a(CaONFJC)MIL130762 035 $a(EXLCZ)991000000000488379 100 $a20070503d2007 uf 0 101 0 $aspa 135 $aur|n|---||||| 181 $ctxt 182 $cc 183 $acr 200 00$aControl integral del ca?ncer cervicouterino$b[electronic resource] $egui?a de pra?cticas esenciales 210 $aGinebra $cOrganizacio?n Mundial de la Salud$d2007 215 $a1 online resource (290 p.) 300 $aDescription based upon print version of record. 311 $a92-4-354700-3 320 $aIncludes bibliographical references. 327 $aTAPA DE LIBRO; COPYRIGHT; AGRADECIMIENTOS; I?NDICE; ABREVIATURAS Y ACRO?NIMOS UTILIZADOS EN ESTA GUI?A; PRO?LOGO; INTRODUCCIO?N; RECOMENDACIONES DE LA OMS; CAPI?TULO 1: GENERALIDADES; CAPI?TULO 2: ANATOMI?A DEL APARATOGENITAL FEMENINO Y EVOLUCIO?NNATURAL DEL CA?NCER CERVICOUTERINO; CAPI?TULO 3: FOMENTO DE LA SALUD: PREVENCIO?N, EDUCACIO?N SANITARIAY ORIENTACIO?N; CAPI?TULO 4: CRIBADO DEL CA?NCER CERVICOUTERINO; CAPI?TULO 5: DIAGNO?STICO Y TRATAMIENTO DEL PRECA?NCER; CAPI?TULO 6: TRATAMIENTO DEL CA?NCER INVASOR; CAPI?TULO 7: CUIDADOS PALIATIVOS; ANEXO 330 $aEn esta gui?a se exponen los conocimientos teo?ricos y pra?cticos que necesitan los dispensadores de atencio?n de salud de diferentes niveles asistenciales para ofrecer servicios de calidad en materia de prevencio?n, deteccio?n temprana, cribado, tratamiento y paliacio?n del ca?ncer cervicouterino. La gui?a presenta directrices y recomendaciones actualizadas y basadas en datos cienti?ficos que abarcan la totalidad del espectro asistencial. Cada capi?tulo contiene recomendaciones clave. 606 $aCervix uteri$xCancer$xDiagnosis 606 $aCervix uteri$xCancer$xTreatment 606 $aHealth services administration 615 0$aCervix uteri$xCancer$xDiagnosis. 615 0$aCervix uteri$xCancer$xTreatment. 615 0$aHealth services administration. 676 $a616.99/466 712 02$aWorld Health Organization.$bReproductive Health and Research. 712 02$aWorld Health Organization.$bChronic Diseases and Health Promotion. 801 0$bMiAaPQ 801 1$bMiAaPQ 801 2$bMiAaPQ 906 $aBOOK 912 $a9910781811403321 996 $aControl integral del ca?ncer cervicouterino$93864621 997 $aUNINA